| 000 | 00816cam a22002775i 4500 | ||
|---|---|---|---|
| 001 | 18534459 | ||
| 005 | 20161225095945.0 | ||
| 008 | 150320s2015 nyu 000 0 eng | ||
| 010 | _a 2015936535 | ||
| 020 | _a9781681173856 | ||
| 020 | _a1681173859 | ||
| 040 |
_aEG-ScBUE _beng _cEG-ScBUE |
||
| 042 | _apcc | ||
| 082 | 0 | 4 |
_222 _a622.3385 _bGAS |
| 245 | 0 | 0 |
_aGas well deliquification / _cEditor, Jostna Chitnis. |
| 260 |
_aValley Cottage, New York : _bSCITUS Academics LLC, _c2016. |
||
| 300 |
_avi, 210 p. : _bill. ; _c18 cm. |
||
| 500 | _aIndex : p. 209-210. | ||
| 504 | _aCitations : p. 205-207. | ||
| 504 | _aIncludes bibliographical references. | ||
| 590 | _aWessam | ||
| 650 | 7 |
_2BUEsh _939299 _aGas wells. |
|
| 651 | _2BUEsh | ||
| 653 |
_bENGPET _cDecember2016 |
||
| 942 |
_2ddc _e22 _k622.3385 GAS |
||
| 999 |
_c23720 _d23692 |
||